| 000 | 00974nmm a2200289 a 4500 | ||
|---|---|---|---|
| 001 | ocm000999375 | ||
| 003 | TR-IsHL | ||
| 005 | 20201028151438.0 | ||
| 008 | 150709s2010 tu tur | ||
| 007 | cr cn | ||
| 020 | _a9789758525997 | ||
| 035 |
_a999375 _b(N$T) |
||
| 050 | 0 | 4 |
_aBP75.5 _b.Y55 2010 |
| 090 | 0 | 4 |
_aBP75.5 _b.Y55 2010 |
| 100 | 1 | _aYıldırım, Harun | |
| 245 | 1 | 0 |
_aKadın şahsiyetler ve hanım sahabiler _h[electronic resource] / _cHarun Yıldırım ; ed. Aydın Coşkun |
| 250 | _a2. bs. | ||
| 260 |
_aİstanbul : _bArı Sanat Yayınları, _c2010 |
||
| 300 | _a361 p. | ||
| 650 | 4 | _aFelsefe, Psikoloji ve Din | |
| 650 | 4 | _aPhilosophy, Psychology and Religion | |
| 650 | 0 |
_aHz. Muhammed (s.a.v.) _x Sahabe |
|
| 650 | 0 |
_aMuhammad, Prophet _x Companions |
|
| 650 | 7 |
_aRELIGION / Islam / History _2bisacsh |
|
| 700 | 1 | _aCoşkun, Aydın | |
| 856 | 4 | 0 | _uhttp://search.ebscohost.com/login.aspx?direct=true&scope=site&db=e011xww&AN=999375 |
| 999 |
_c11010 _d11010 |
||